Kształty państw na literę A - Statystyki

Ogólne statystyki
  • Ten quiz został rozwiązany 148 razy
  • Średni wynik to 9 z 11
Statystyki odpowiedzi
Obrazkowy Odpowiedź % Poprawnych
Australia
100%
Argentyna
93%
Austria
90%
Algieria
87%
Angola
83%
Albania
79%
Antigua i Barbuda
76%
Afganistan
74%
Azerbejdżan
72%
Armenia
65%
Andora
60%
Nie znaleziono quizów pasujących do podanych kryteriów
Rozkład punktacji
Procent ludzi z każdym wynikiem
Percentyl według liczby udzielonych odpowiedzi
Twoja historia wyników
Nie rozwiązałeś tego quizu